| 000 | 01229cam a22003737a 4500 | ||
|---|---|---|---|
| 999 |
_c533220 _d533220 |
||
| 001 | 17346102 | ||
| 003 | NUST | ||
| 005 | 20191216122725.0 | ||
| 008 | 120614s2012 enka b 001 0 eng d | ||
| 010 | _a 2012941969 | ||
| 015 |
_aGBB239660 _2bnb |
||
| 016 | 7 |
_a016072071 _2Uk |
|
| 020 | _a9780199566433 (hbk.) | ||
| 020 | _a0199566437 (hbk.) | ||
| 020 | _a9780199566440 (pbk.) | ||
| 020 | _a0199566445 (pbk.) | ||
| 035 | _a(OCoLC)ocn792747080 | ||
| 038 | _aMSOHAIL | ||
| 040 |
_aUKMGB _beng _cUKMGB _dBTCTA _dOCLCO _dYDXCP _dCDX _dICW _dOCLCQ _dCOO _dBWX _dYBM _dDLC |
||
| 042 | _alccopycat | ||
| 050 | 0 | 0 |
_aQA614.86 _b.F45 2012 |
| 082 | 0 | 4 |
_a514.742 _223 |
| 100 | 1 |
_aFeldman, David P. _927014 |
|
| 245 | 1 | 0 |
_aChaos and fractals : _ban elementary introduction / _cDavid P. Feldman. |
| 260 |
_aOxford : _bOxford University Press, _c2012. |
||
| 300 |
_axxi, 408 p. : _bill. ; _c25 cm. |
||
| 504 | _aIncludes bibliographical references (p. [397]-402) and index. | ||
| 650 | 0 |
_aFractals. _927015 |
|
| 650 | 0 |
_aChaotic behavior in systems. _927016 |
|
| 906 |
_a7 _bcbc _ccopycat _d2 _encip _f20 _gy-gencatlg |
||
| 942 |
_2ddc _cBK |
||